[Event "5th Cesme Open 2017"]
[Site "Cesme"]
[Date "2017.06.18"]
[Round "9.24"]
[White "Ersoy, Bora"]
[Black "Saribas, Nizamettin"]
[Result "0-1"]
[WhiteElo "1675"]
[BlackElo "1596"]
[Annotator "NA"]
[PlyCount "125"]
[EventType "swiss"]
[EventCountry "TUR"]
[SourceTitle "playchess.com"]
[Source "ChessBase"]
[SourceQuality "1"]
[TimeControl "5400+30"]

1. e4 e5 2. Nf3 {[%emt 0:00:00] ][%%lk} Nc6 {[%emt 0:14:30] ][%%lk} 3. d4 {[%emt 0:00:30] ][%%k} Nf6 {[%emt 0:00:00] ][%%%k} 4. Nc3 {[%emt 0:00:30] ][%%%k} exd4 {[%emt 0:00:00] ][%%k} 5. Nxd4 {[%emt 0:00:30] ]%%%%} Bb4 {[%emt 0:00:30] ]]%%%} 6. Nxc6 {[%emt 0:00:30] ]]%%} bxc6 {[%emt 0:00:30] ]]%%%} 7. Bd3 {[%emt 0:00:30] ]]%%%} d5 {[%emt 0:08:30] ]]%%%} 8. exd5 {[%emt 0:00:30] ]]%%%} cxd5 {[%emt 0:00:30] ]]%%%} 9. O-O {[%emt 0:00:00] ]]]%%} O-O {[%emt 0:00:00] ]]]%%} 10. Bg5 {[%emt 0:00:00] ]]]%%} c6 {[%emt 0:01:00] ]]]%%} 11. Qf3 {[%emt 0:02:30] ]]]%} Be7 {[%emt 0:02:30] ]]]]} 12. Rfe1 {[%emt 0:07:30] ]]]]} Re8 {[%emt 0:03:30] ]]]]} 13. Nd1 {[%emt 0:10:30] ]]]]]} Be6 {[%emt 0:19:30] ]]]]]} 14. Ne3 {[%emt 1:13:30] ]} Rb8 {[%emt 0:06:30] 0 [%clk 0:40:0]][%clk} 15. Rab1 {[%emt 0:00:00]} h6 {[%emt 0:03:30]} 16. Bh4 {[%emt 0:00:00] [%clk 0:58] ]][%clk} Rb4 {[%emt 0:36:55] %%clkk:5} 17. Bxf6 {[%emt 0:00:00] %%clkkk} Bxf6 {[%emt 0:00:00] ]%%clkk} 18. c3 {[%emt 0:00:00] ]%%ckk} Ra4 {[%emt 0:00:00] [%clk 0:28] ][[%%lk} 19. a3 {[%emt 0:00:00] %[clk} Qc7 {[%emt 0:00:00] % [%clk 0:23:0] [%%lk} 20. g3 {[%emt 0:00:00] ]%[[%} Be7 {[%emt 0:00:00] c%lk0:} 21. Nf5 {[%emt 0:00:00] 6]} Bf8 {[%emt 0:00:00]} 22. Nd4 {[%emt 0:00:00] 2]]} Bd7 {[%emt 0:00:00] ]} 23. Bc2 {[%emt 0:00:00] ] [%clk 0:24:0][[%} Ra5 {[%emt 0:00:00] ccc} 24. a4 {[%emt 0:00:00] [%clk 0:19.14] k} g6 {[%emt 0:00:00] % [%clk 0:05:09]} 25. Rxe8 {[%emt 0:00:00]} Bxe8 {[%emt 0:00:00]} 26. b4 {[%emt 0:00:00]} Ra6 {[%emt 0:00:00] ]} 27. Qe2 {[%emt 0:00:00] ]} Qc8 {[%emt 0:00:52] ]} 28. Re1 {[%emt 0:00:00] ]]} Bd7 {[%emt 0:00:33] [%clk 0:02.56] 9]} 29. Nf3 {[%emt 0:00:00] c%} Bg4 {[%emt 0:02:44]} 30. Qe3 {[%emt 0:00:00]} c5 {[%emt 0:00:30] [%clk 0:00.30] ]} 31. Bd1 {[%emt 0:02:27] [} cxb4 {[%emt 0:02:56] [} 32. cxb4 {[%emt 0:00:30] [} Bxb4 {[%emt 0:00:30] [} 33. Qe8+ {[%emt 0:00:30]} Qxe8 {[%emt 0:00:30]} 34. Rxe8+ {[%emt 0:00:30]} Kg7 {[%emt 0:00:30]} 35. Rd8 {[%emt 0:00:30]} Rd6 {[%emt 0:00:30]} 36. Rb8 {[%emt 0:00:30]} a5 {[%emt 0:00:30]} 37. Rb7 {[%emt 0:00:30]} d4 {[%emt 0:00:30]} 38. Bb3 {[%emt 0:00:30]} Rf6 {[%emt 0:00:30]} 39. Ne5 {[%emt 0:00:30]} Be6 {[%emt 0:00:30]} 40. Bxe6 {[%emt 0:00:30]} Rxe6 {[%emt 0:00:30]} 41. Nxf7 {[%emt 0:00:30]} Be7 {[%emt 0:00:30]} 42. Nd8 {[%emt 0:00:30]} Re1+ {[%emt 0:00:30]} 43. Kg2 {[%emt 0:00:30]} Kg8 {[%emt 0:00:30]} 44. Rd7 {[%emt 0:00:30]} Bc5 {[%emt 0:00:25]} 45. Nc6 {[%emt 0:00:21]} Re2 {[%emt 0:00:32]} 46. Nxd4 {[%emt 0:00:39]} Rd2 {[%emt 0:00:19]} 47. Rd8+ {[%emt 0:00:03]} Kf7 {[%emt 0:00:12]} 48. Ne6 {[%emt 0:00:53]} Rxf2+ {[%emt 0:00:06]} 49. Kh3 {[%emt 0:00:22]} Kxe6 {[%emt 0:00:06]} 50. Ra8 {[%emt 0:00:05]} Bb4 {[%emt 0:00:07]} 51. Ra6+ {[%emt 0:00:10]} Kf5 {[%emt 0:00:10]} 52. g4+ {[%emt 0:00:15]} Ke4 {[%emt 0:02:20]} 53. Rxg6 {[%emt 0:00:05]} Bd2 {[%emt 0:00:38]} 54. Kg3 {[%emt 0:00:23]} Rf3+ {[%emt 0:00:06]} 55. Kg2 {[%emt 0:00:10]} Ra3 {[%emt 0:00:33]} 56. h4 {[%emt 0:00:50]} Rxa4 {[%emt 0:00:36]} 57. g5 {[%emt 0:00:04]} hxg5 {[%emt 0:00:03]} 58. hxg5 {[%emt 0:00:19]} Kf5 {[%emt 0:00:01]} 59. Rd6 {[%emt 0:00:17]} Bxg5 {[%emt 0:00:30]} 60. Rd5+ {[%emt 0:00:05]} Kg4 {[%emt 0:00:06]} 61. Kf2 {[%emt 0:00:08]} Ra2+ {[%emt 0:00:10]} 62. Ke1 {[%emt 0:00:06]} a4 {[%emt 0:00:16]} 63. Ra5 {[%emt 0:00:07] [%clk 0:10.11]} 0-1